|
|
|
|
| LEADER |
00000cam a2200000 7i4500 |
| 001 |
0000004613 |
| 002 |
000004975 |
| 005 |
20000330.0 |
| 020 |
|
|
|a 9679502805
|
| 090 |
0 |
0 |
|a 371.027
|b RAM
|
| 100 |
0 |
|
|a Al. Ramaiah
|
| 245 |
1 |
0 |
|a Kepimpinan pendidikan :
|b cabaran masa kini
|c Al. Ramaiah
|
| 260 |
|
|
|a Petaling Jaya :
|b IBS Buku ,
|c 1992
|
| 300 |
|
|
|a 290p. :
|b ill ;
|c 21cm.
|
| 650 |
0 |
0 |
|a Educational leadership
|z Malaysia
|
| 650 |
0 |
0 |
|a Educational management and organization
|z Malaysia
|
| 999 |
|
|
|a 00094055
|b BUKU
|c PINJAMAN
|e PERPUSTAKAAN KOMUNITI PETALING JAYA
|
| 999 |
|
|
|a 037417
|b BUKU
|c PINJAMAN
|e PERPUSTAKAAN KOMUNITI PETALING JAYA
|
| 999 |
|
|
|a 037418
|b BUKU
|c MALAYSIANA
|e PERPUSTAKAAN KOMUNITI PETALING JAYA
|
| 999 |
|
|
|a 040411
|b BUKU
|c PINJAMAN
|e PERPUSTAKAAN KOMUNITI PETALING JAYA
|